00237nam a2200097Ia 4500008004100000100002500041245003100066260001600097260000900113999001700122170617s9999 xx 000 0 und d aSubrahamanyam- C.V.S 0aPharmaceutical Engineering bVallabh-Pub c2009 c15428d15428